| 000 | 00439 a2200169 4500 | ||
|---|---|---|---|
| 001 | 84254 | ||
| 020 | _a9780521865838 | ||
| 082 | _a629.13431 DON | ||
| 090 |
_c40056 _d40055 |
||
| 100 | _aBruce K. Donaldson | ||
| 245 | _aAnalysis of Aircraft Structure:An Introduction 2nd/ed | ||
| 250 | _a2nd | ||
| 260 |
_aUSA _bCambridge university Press _c2008 |
||
| 300 | _axivii 932p. | ||
| 500 | _aCAE TextBooks | ||
| 505 | _aAHQ Books | ||
| 942 |
_aCAENUST _k629.13431 DON _cAE |
||
| 999 |
_c319327 _d319327 |
||